Statistics for SUPER BOWL CHAMPIONS BY YEAR

Click here to take the quiz!

General Stats

  • This quiz has been taken 93 times
    (77 since last reset)
  • The average score is 19 of 52

Answer Stats

HintSEASONAnswerOPPONENT% Correct
I1966GREEN BAYKANSAS CITY
99%
II1967GREEN BAYOAKLAND
96%
III1968NY JETSBALTIMORE
80%
IV1969KANSAS CITYMINNESOTA
74%
LI2016NEW ENGLANDATLANTA
46%
LII2017PHILADELPHIANEW ENGLAND
46%
L2015DENVERCAROLINA
44%
VIII1973MIAMIMINNESOTA
41%
XLVII2012BALTIMORESAN FRANCISCO
40%
VII1972MIAMIWASHINGTON
40%
XLIX2014NEW ENGLANDSEATTLE
40%
XLVIII2013SEATTLEDENVER
40%
XXXIV1999ST LOUISTENNESSEE
37%
XLIV2009NEW ORLEANSINDIANAPOLIS
36%
XLII2007NEW YORK GIANTSNEW ENGLAND
36%
XLVI2011NEW YORK GIANTSNEW ENGLAND
36%
XXXIX2004NEW ENGLANDPHILADELPHIA
34%
X1975PITTSBURGHDALLAS
34%
XLIII2008PITTSBURGHARIZONA
34%
IX1974PITTSBURGHMINNESOTA
34%
V1970BALTIMOREDALLAS
33%
XXVIII1993DALLASBUFFALO
33%
XLV2010GREEN BAYPITTSBURGH
33%
XXXVIII2003NEW ENGLANDCAROLINA
33%
XXXVI2001NEW ENGLANDST LOUIS
33%
XIII1978PITTSBURGHDALLAS
33%
XX1985CHICAGONEW ENGLAND
31%
XXVII1992DALLASBUFFALO
31%
XLI2006INDIANAPOLISCHICAGO
31%
XL2005PITTSBURGHSEATTLE
31%
XXXVII2002TAMPA BAYOAKLAND
31%
XXXV2000BALTIMORENEW YORK GIANTS
30%
VI1971DALLASMIAMI
30%
XI1976OAKLANDMINNESOTA
30%
XII1977DALLASDENVER
29%
XIV1979PITTSBURGHLOS ANGELES RAMS
29%
XXX1995DALLASPITTSBURGH
27%
XXXIII1998DENVERATLANTA
27%
XXV1990NEW YORK GIANTSBUFFALO
27%
XVI1981SAN FRANCISCOCINCINNATI
27%
XXXII1997DENVERGREEN BAY
26%
XV1980OAKLANDPHILADELPHIA
26%
XXIII1988SAN FRANCISCOCINCINNATI
26%
XXIX1994SAN FRANCISCOSAN DIEGO
26%
XXVI1991WASHINGTONBUFFALO
26%
XXXI1996GREEN BAYNEW ENGLAND
24%
XXIV1989SAN FRANCISCODENVER
24%
XVII1982WASHINGTONMIAMI
24%
XIX1984SAN FRANCISCOMIAMI
23%
XXI1986NEW YORK GIANTSDENVER
21%
XXII1987WASHINGTONDENVER
17%
XVIII1983LOS ANGELES RAIDERSWASHINGTON
16%

Score Distribution

Percentile by Number Answered

Percent of People with Each Score

Your Score History

You have not taken this quiz since the last reset